01011nam a22002417a 450000500170000001000120001702000100002903500120003903700160005104000120006708200310007910000330011024501190014324600530026226000770031527000660039230000560045850000570051465000430057165000940061465000210070865000400072920170124103126.0 aA169380 c75.00 aA169380 bCen Lib/Ret aDPLbHN a820.9bगुप्तअ  aगुप्त, आशा  aडॉ० ग्रियर्सन के साहित्येतिहास /cआशा गुप्त  aDoc. Griyarson ke sahiteyeetihas /bby Asha Gupt aदिल्ली bआत्माराम एंड संस c1984 aकश्मीरी गेट bदिल्ली e110006 axiv,206पृ. c21सेमी(सजिल्द) aअनुक्रमणिका शामिल  aहिंदी साहित्य  aग्रियर्सन--भारतीय साहित्य इतिहास  aHindi literature aGriersn - Indian literature history